| 000 | 00375cam a22001337a 4500 | ||
|---|---|---|---|
| 008 | 180718b1917 xxu||||| |||| 00| 0 eng d | ||
| 082 | _aB2 B937 | ||
| 100 | _aBurns, C. Delisle | ||
| 245 |
_aPolitical ideals: their nature and development, an essay _cby C. Delisle Burns |
||
| 250 | _a2nd ed. | ||
| 260 |
_aLondon _bOUP _c1917 |
||
| 300 | _a311p. | ||
| 650 | _aPolitical Science | ||
| 999 |
_c361205 _d361205 |
||